総延長が100km以上の鉄道事業者サドンデス - Statistics

General Stats
  • This quiz has been taken 527 times
  • The average score is 3 of 10
Answers on the Grid
Answers color-coded by a green-red scale on the quiz's grid according to % correct below.
青い森鉄道
IGRいわて銀河鉄道
秋田内陸縦貫鉄道
京王電鉄
東急電鉄
京浜急行電鉄
しなの鉄道
えちごトキめき鉄道
あいの風とやま鉄道
富山地方鉄道
ハピラインふくい
名古屋市営地下鉄
長良川鉄道
京阪電気鉄道
WILLER TRAINS(京都丹後鉄道)
神戸電鉄
土佐くろしお鉄道
西日本鉄道
松浦鉄道
肥薩おれんじ鉄道
 
Answer Stats
Answer % Correct
青い森鉄道
58%
東急電鉄
41%
西日本鉄道
30%
肥薩おれんじ鉄道
24%
あいの風とやま鉄道
23%
富山地方鉄道
21%
しなの鉄道
17%
えちごトキめき鉄道
16%
WILLER TRAINS(京都丹後鉄道)
16%
土佐くろしお鉄道
15%
No matching quizzes found
Score Distribution
Percent of People with Each Score
Percentile by Number Answered
Your Score History
You have not taken this quiz